|
|
|
|
| LEADER |
01014nam a22002651 4500 |
| 001 |
c000332246 |
| 003 |
CARM |
| 005 |
00000000000000.0 |
| 008 |
790119s1962 ilu bd 00000 eng |
| 019 |
1 |
|
|a 1333291
|5 LACONCORD2021
|
| 035 |
|
|
|a (OCoLC)249060
|5 LACONCORD2021
|
| 050 |
0 |
0 |
|a Z1006
|b .O7 1962
|
| 100 |
1 |
|
|a Orne, Jerrold,
|d 1911-
|
| 245 |
1 |
4 |
|a The language of the foreign book trade:
|b abbreviations, terms, phrases.
|
| 250 |
|
|
|a 2d ed.
|
| 260 |
|
|
|a Chicago,
|b American Library Association,
|c 1962.
|
| 300 |
|
|
|a 213 p.
|c 25 cm.
|
| 650 |
|
0 |
|a Bibliography
|x Dictionaries
|x Polyglot.
|
| 650 |
|
0 |
|a Book industries and trade
|x Dictionaries
|x Polyglot.
|
| 650 |
|
0 |
|a English language
|x Dictionaries
|x Polyglot.
|
| 650 |
|
0 |
|a Bibliography
|x Abbreviations.
|
| 852 |
8 |
|
|b CARM
|h A1:AL04C0
|i C10348
|p 0445047
|f BK
|
| 082 |
0 |
4 |
|a 010.3
|2 19
|
| 999 |
f |
f |
|i 3e492ce1-14b1-524c-88c3-21ba1c3b7d22
|s 8a933615-c124-5b9f-b1d4-15d2af2a9875
|
| 952 |
f |
f |
|p Can circulate
|a CAVAL
|b CAVAL
|c CAVAL
|d CARM 1 Store
|e C10348
|f A1:AL04C0
|h Other scheme
|i book
|m 0445047
|